[Event "IV Open"]
[Site "Calvia ESP"]
[Date "2007.10.21"]
[Round "7"]
[White "Mamedov,Rau"]
[Black "Sveshnikov,V"]
[Result "1/2-1/2"]
[WhiteElo "2586"]
[BlackElo "2366"]

1.e4 c5 2.Nf3 Nc6 3.Nc3 e5 4.Bc4 Be7 5.d3 Nf6 6.Ng5 O-O 7.O-O h6 8.f4 exf4
9.Nf3 d6 10.Bxf4 Be6 11.Nd5 Bxd5 12.Bxd5 Nxd5 13.exd5 Ne5 14.Bxe5 dxe5 15.c4 Bd6
16.Qe2 f5 17.Rae1 Qf6 18.g4 fxg4 19.Nxe5 Qxe5 20.Qxe5 Bxe5 21.Rxe5 Rae8 22.Rfe1 Rxe5
23.Rxe5 b6 24.Kg2 g6 25.Kg3 h5 26.Kh4 Kf7 27.Kg5 Re8 28.Re4 Re7 29.a3 Re8
30.b4 Re7 31.bxc5 bxc5 32.Rf4+ Kg7 33.d4 cxd4 34.Rxd4 Rf7 35.Rf4 Rxf4 36.Kxf4 Kf6
37.c5 g5+ 38.Ke4 h4 39.c6 g3 40.hxg3 h3 41.Kf3 g4+ 42.Kxg4 h2 43.c7 h1=Q
44.c8=Q Qe4+ 45.Kh3 Qh1+ 46.Kg4 Qe4+ 47.Kh5 Qh7+ 48.Kg4 Qe4+  1/2-1/2

[Event "IV Open"]
[Site "Calvia ESP"]
[Date "2007.10.22"]
[Round "8"]
[White "Larino Nieto,D"]
[Black "Kuzubov,Y"]
[Result "1/2-1/2"]
[WhiteElo "2428"]
[BlackElo "2582"]

1.e4 c5 2.Nf3 Nc6 3.Nc3 g6 4.d4 cxd4 5.Nxd4 Bg7 6.Be3 Nf6 7.Bc4 O-O 8.Bb3 Qa5
9.f3 d5 10.Qd2 Nb4 11.exd5 Nbxd5 12.Nxd5 Qxd2+ 13.Bxd2 Nxd5 14.Bxd5 Bxd4  1/2-1/2

[Event "IV Veterans"]
[Site "Calvia ESP"]
[Date "2007.10.22"]
[Round "8"]
[White "Fernandez Martin,M"]
[Black "Gonzalo Gonzalez,F"]
[Result "0-1"]
[WhiteElo "1709"]
[BlackElo "1857"]

1.e4 c5 2.Nf3 Nc6 3.Nc3 d6 4.d4 cxd4 5.Nxd4 Nf6 6.Be2 Qb6 7.Nb3 a6 8.Be3 Qc7
9.O-O g6 10.f4 Bg7 11.Nd2 O-O 12.Bf3 Bd7 13.Rb1 Rac8 14.Be2 Bh6 15.h3 e5
16.Nb3 exf4 17.Bxf4 Bxf4 18.Rxf4 Kg7 19.Qf1 Qd8 20.Rd1 Qe7 21.Bd3 Ne5 22.Re1 Nh5
23.Nd5 Qg5 24.Re3 Nxf4 25.Nxf4 Nxd3 26.cxd3 Rc2 27.Rf3 Qe5 28.Rf2 Qxb2 29.Rxc2 Qxc2
30.Nd5 Qb2 31.d4 f5 32.Qf4 Qb1+ 33.Kh2 Qxe4 34.Qxd6 Qe6 35.Qc5 Bc6 36.Nf4 Qe4
37.Qe5+ Qxe5 38.dxe5 Re8 39.e6 Kf6 40.g3 Re7 41.Nd2 g5  0-1

[Event "ch-Euro Blitz"]
[Site "Ajaccio FRA"]
[Date "2007.10.26"]
[Round "25"]
[White "Riff,JN"]
[Black "Leburgue,S"]
[Result "1-0"]
[WhiteElo "2474"]
[BlackElo "2234"]

1.e4 c5 2.Nf3 Nc6 3.Nc3 e6 4.Bb5 Nge7 5.O-O Nd4 6.Bd3 Nec6 7.a3 g6 8.Nxd4 cxd4
9.Ne2 Bg7 10.b4 a6 11.Bb2 b5 12.c4 dxc3 13.Bxc3 Rf8 14.Qb3 Ne5 15.Bc2 Bb7
16.d4 Nc4 17.Rad1 d6 18.Ng3 Rc8 19.Bd3 Qg5 20.Qa2 Rc7 21.a4 Qf6 22.axb5 axb5
23.Be2 Na3 24.Qb3 Nc4 25.d5 e5 26.Bxc4 Rxc4 27.Ra1 Qd8 28.Ra7 Rc7 29.Rfa1 Rc8
30.Rxb7  1-0

[Event "ch-Euro Blitz"]
[Site "Ajaccio FRA"]
[Date "2007.10.26"]
[Round "28"]
[White "Landa,K"]
[Black "Leburgue,S"]
[Result "0-1"]
[WhiteElo "2678"]
[BlackElo "2234"]

1.e4 c5 2.Nf3 Nc6 3.Nc3 Nf6 4.d4 cxd4 5.Nxd4 e5 6.Ndb5 d6 7.Bg5 a6 8.Na3 b5
9.Nd5 Be7 10.Bxf6 Bxf6 11.c3 O-O 12.Nc2 Bg5 13.a4 bxa4 14.Rxa4 a5 15.Bc4 Rb8
16.b3 Kh8 17.Nce3 Be6 18.O-O Ne7 19.Nxe7 Bxe7 20.Bxe6 fxe6 21.Nc4 Rb5 22.Qc2 Qc7
23.Rfa1 Ra8 24.R4a3 d5 25.exd5 exd5 26.Nd2 Bxa3 27.Rxa3 Rc8 28.c4 dxc4 29.bxc4 Rb4
30.h4 Qc5 31.Rf3 h6 32.Rf7 a4 33.g3 a3 34.Qg6 Rg8 35.Ne4 Qxc4 36.Nf6 Rb1+
37.Kh2 Rh1+ 38.Kxh1 Qf1+ 39.Kh2 Qxf2+ 40.Kh3 Qf1+ 41.Kg4 Qxf6 42.Qxf6 gxf6+
43.Kh5 Ra8 44.Kg6 a2 45.Rh7+ Kg8 46.Rg7+ Kf8  0-1

[Event "Open"]
[Site "Villa de Navalmoral ESP"]
[Date "2007.11.08"]
[Round "7"]
[White "Tissir,M"]
[Black "Iordanov,N"]
[Result "1-0"]
[WhiteElo "2444"]
[BlackElo "2187"]

1.e4 c5 2.Nc3 Nc6 3.Bb5 Nd4 4.Bc4 e6 5.Nge2 a6 6.Nxd4 cxd4 7.Ne2 b5 8.Bb3 Bb7
9.d3 d5 10.e5 Qc7 11.f4 Bc5 12.O-O Ne7 13.Bd2 O-O 14.Ng3 f6 15.exf6 Rxf6
16.Qe2 Raf8 17.a4 g6 18.axb5 axb5 19.Rf2 Bc8 20.Raf1 Kh8 21.Qe1 Bd6 22.Ba5 Qb7
23.Bb4 Qc7 24.Bxd6 Qxd6 25.Qd2 h5 26.f5 Nxf5 27.Nxf5 gxf5 28.Qg5 Kh7 29.Ra1 Rg6
30.Ra7+ Bd7 31.Qf4 e5 32.Qf3 e4 33.Qxh5+ Rh6 34.Qg5 exd3 35.g3 Rf7 36.cxd3 Qe6
37.Ra1 Rg7 38.Qf4 Rg4 39.Qf3 f4 40.Bxd5 fxg3 41.hxg3 Qe7 42.Qf7+ Rg7 43.Be4+ Qxe4
44.dxe4  1-0

[Event "Open"]
[Site "Villa de Navalmoral ESP"]
[Date "2007.11.09"]
[Round "8"]
[White "Carlsson,P"]
[Black "De Nacimiento Montano,Ang"]
[Result "1-0"]
[WhiteElo "2481"]
[BlackElo "2066"]

1.e4 c5 2.Nf3 Nc6 3.Nc3 a6 4.d4 cxd4 5.Nxd4 e5 6.Nf5 Nf6 7.Nd6+ Bxd6 8.Qxd6 Qe7
9.Qd1 h6 10.g3 d6 11.Bg2 Be6 12.O-O O-O 13.Be3 b5 14.Nd5 Bxd5 15.exd5 Na5
16.b3 Nd7 17.a4 bxa4 18.Rxa4 Nb7 19.b4 a5 20.c3 Qd8 21.Qe2 Qc7 22.Qb5 Rfb8
23.Qc6 Qd8 24.Bh3 Nf6 25.Bb6 Qe7 26.Bc7 Nd8 27.Qxd6 Qe8 28.Bxb8 Nb7 29.Qc6 Qxb8
30.d6  1-0

[Event "4NCL"]
[Site "Birmingham ENG"]
[Date "2007.11.11"]
[Round "4"]
[White "Tissir,M"]
[Black "Hinks Edwards,T"]
[Result "0-1"]
[WhiteElo "2444"]
[BlackElo "2365"]

1.e4 c5 2.Nc3 Nc6 3.Bb5 Nd4 4.Bc4 Nf6 5.Nge2 e6 6.O-O a6 7.a4 d6 8.d3 Nc6
9.Ba2 Be7 10.f4 d5 11.e5 Nd7 12.Kh1 f5 13.exf6 Nxf6 14.f5 exf5 15.Bg5 Nb4
16.Bb3 d4 17.Nf4 dxc3 18.bxc3 Nbd5 19.Nxd5 Nxd5 20.Re1 Nf6 21.Bxf6 gxf6 22.Qh5+ Kd7
23.Re2 Bd6 24.Qf7+ Kc6 25.Rb1 Qd7 26.Qxf6 Re8 27.Rbe1 Rxe2 28.Rxe2 Kc7 29.Re6 Qc6
30.Re1 Bd7 31.Qf7 Rf8 32.Qxh7 f4 33.Qh5 Rf5 34.Qh7 f3 35.Be6 fxg2+ 36.Kg1 Rf1+
37.Rxf1 gxf1=Q+ 38.Kxf1 Qf3+ 39.Ke1 Qe3+  0-1

[Event "WYb18"]
[Site "Kemer TUR"]
[Date "2007.11.18"]
[Round "1"]
[White "Popov,Iv RUS"]
[Black "Hansen,Al"]
[Result "1-0"]
[WhiteElo "2539"]
[BlackElo "2189"]

1.e4 c5 2.Nf3 Nc6 3.Nc3 d6 4.d4 cxd4 5.Nxd4 Nf6 6.Bc4 e6 7.Be3 a6 8.Qe2 Bd7
9.O-O-O Rc8 10.Bb3 Na5 11.f3 b5 12.a3 Be7 13.g4 O-O 14.g5 Nh5 15.Rhg1 g6
16.f4 Ng7 17.Kb1 e5 18.fxe5 dxe5 19.Nf3 Rxc3 20.Nxe5 Qc7 21.Nxd7 Nxb3 22.cxb3 Rc8
23.bxc3 Qxc3 24.Rd3 Qc7 25.b4 Qd8 26.Qd1 Bxb4 27.axb4 a5 28.Bc1  1-0

[Event "WYb16"]
[Site "Kemer TUR"]
[Date "2007.11.18"]
[Round "1"]
[White "Recuero Guerra,D"]
[Black "Otegen,S"]
[Result "1-0"]
[WhiteElo "2407"]
[BlackElo "2000"]

1.e4 c5 2.Nf3 Nc6 3.Nc3 d6 4.d4 cxd4 5.Nxd4 Nf6 6.Bg5 Bd7 7.Qd2 Nxd4 8.Qxd4 Qa5
9.f4 h6 10.Bxf6 gxf6 11.O-O-O Rc8 12.Kb1 Qc5 13.f5 h5 14.Be2 Bh6 15.g3 Qxd4
16.Rxd4 h4 17.gxh4 Bf4 18.h5 e6 19.b4 b6 20.Nd1 Ke7 21.Nf2 Bc6 22.Bd1  1-0

[Event "WYb18"]
[Site "Kemer TUR"]
[Date "2007.11.18"]
[Round "1"]
[White "Del Castilho,M"]
[Black "Saric,Iv"]
[Result "0-1"]
[WhiteElo "2126"]
[BlackElo "2466"]

1.e4 c5 2.Nf3 Nc6 3.Nc3 d6 4.d4 cxd4 5.Nxd4 Nf6 6.Bc4 Qb6 7.Nb3 e6 8.O-O Be7
9.Be3 Qc7 10.f4 a6 11.a4 O-O 12.Be2 b6 13.Kh1 Bb7 14.Bf3 Nd7 15.g4 Nc5 16.g5 f5
17.gxf6 Bxf6 18.Nxc5  0-1

[Event "WYb18"]
[Site "Kemer TUR"]
[Date "2007.11.18"]
[Round "1"]
[White "Borsuk,Y"]
[Black "Kose,S"]
[Result "1-0"]
[WhiteElo "2249"]
[BlackElo "2173"]

1.e4 c5 2.Nc3 Nc6 3.Bb5 d6 4.Bxc6+ bxc6 5.Nge2 e5 6.d3 Be6 7.f4 f6 8.O-O d5
9.Ng3 Bd6 10.Nh5 Qc7 11.f5 d4 12.fxe6 dxc3 13.bxc3 Qe7 14.Qg4 g6 15.Ng3 O-O-O
16.Be3 Re8 17.Qf3 Qxe6 18.Qf2 Qe7 19.Rab1 Kc7 20.Rb3 Rb8 21.Ra3 Rb7 22.c4 h5
23.Ne2 Rh7 24.Nc3 Qf7 25.Na4 Kc8 26.Nxc5 Rb2 27.Ra6 Bxc5 28.Bxc5 Qe8 29.Bxa7 Nh6
30.Qc5 Rbb7 31.Rxc6+ Rhc7 32.Rxc7+ Rxc7 33.Qb6 Qa4 34.Qe6+ Kb7 35.Rb1+  1-0

[Event "WYg16"]
[Site "Kemer TUR"]
[Date "2007.11.19"]
[Round "2"]
[White "Girya,O"]
[Black "Newrkla,K"]
[Result "1/2-1/2"]
[WhiteElo "2338"]
[BlackElo "2037"]

1.e4 c5 2.Nc3 Nc6 3.Nf3 g6 4.d4 cxd4 5.Nxd4 Bg7 6.Be3 Nf6 7.Nxc6 bxc6 8.e5 Ng8
9.Bd4 f6 10.f4 Qa5 11.Bc4 fxe5 12.fxe5 Bxe5 13.Qd3 Bxd4 14.Qxd4 Nf6 15.O-O-O d5
16.Bb5 cxb5 17.Nxd5 O-O 18.Nxf6+ exf6 19.Qd5+ Kg7 20.Qxa8 Be6 21.Qf3 Qxa2
22.Qa3 Qc4 23.Qxa7+ Rf7 24.Qd4 Qa2 25.b3 Rc7 26.Qb2 Qa7 27.Rd3 b4 28.Rf1 Bf5
29.g4 Qa6 30.Rxf5 gxf5 31.Kd2 fxg4 32.Qd4 Qc8 33.Qb2 Qf5 34.Qd4 Qc8 35.Qb2 Qf5
36.Qd4 h5 37.Kc1 Qf1+ 38.Rd1 Qe2 39.Rd2 Qf1+ 40.Kb2 Qb5 41.Rf2 Qe5 42.Qxe5 fxe5
43.Rf5 Re7 44.Rxh5 Kg6 45.Rh8 e4 46.Kc1 e3 47.Kd1 e2+ 48.Ke1 Rc7 49.Kxe2 Rxc2+
50.Ke3 Rc3+ 51.Kf4 Rxb3 52.Kxg4 Rb1 53.Rb8  1/2-1/2

[Event "WYb16"]
[Site "Kemer TUR"]
[Date "2007.11.19"]
[Round "2"]
[White "Pereira,Rub"]
[Black "Rosenthal,Jon"]
[Result "1-0"]
[WhiteElo "2401"]
[BlackElo "2204"]

1.e4 c5 2.Nc3 Nc6 3.Bb5 d6 4.Bxc6+ bxc6 5.f4 Nf6 6.d3 g6 7.Nf3 Bg7 8.O-O O-O
9.Qe1 Qb6 10.Kh1 e6 11.e5 Nd7 12.exd6 Rd8  1-0

[Event "WYb16"]
[Site "Kemer TUR"]
[Date "2007.11.19"]
[Round "2"]
[White "Mustafaev,J"]
[Black "Yilmazyerli,M"]
[Result "1-0"]
[WhiteElo "2275"]
[BlackElo "2120"]

1.e4 c5 2.Nf3 Nc6 3.Nc3 Nf6 4.Bb5 Qc7 5.O-O Nd4 6.Re1 e5 7.Bc4 Be7 8.d3 h6
9.Be3 O-O 10.Nd5 Nxd5 11.Bxd5 d6 12.c3 Nxf3+ 13.Qxf3 Kh7 14.d4 g6 15.dxc5 dxc5
16.Rad1 f5 17.exf5 Bxf5 18.Bc1 Rae8 19.Qg3 Bf6 20.Be4 Qe7 21.Bxf5 gxf5 22.Qd3 e4
23.Qh3 Bg7 24.Rd5 Qe6 25.Red1 f4 26.Qxe6 Rxe6 27.g3 e3 28.gxf4 e2 29.Re1 Rg8
30.Kh1 Rf6 31.Bd2  1-0

[Event "WYb16"]
[Site "Kemer TUR"]
[Date "2007.11.19"]
[Round "2"]
[White "Kleijn,C"]
[Black "Recuero Guerra,D"]
[Result "0-1"]
[WhiteElo "2210"]
[BlackElo "2407"]

1.e4 c5 2.Nf3 Nc6 3.Nc3 d6 4.d4 cxd4 5.Nxd4 Nf6 6.Bg5 e6 7.Qd3 Be7 8.O-O-O O-O
9.f4 Qb6 10.Ndb5 Rd8 11.Qg3 d5 12.e5 Nh5 13.Qf3 Bxg5 14.fxg5 a6 15.Nd6 Nxe5
16.Nxc8 Raxc8 17.Qxh5 d4 18.Nb1 d3 19.c3 Nc4 20.Rd2 Nxd2 21.Nxd2 Qa5 22.Qf3 Rxc3+
23.bxc3 Qxc3+ 24.Kd1 Qa1+ 25.Nb1 Qxb1+ 26.Kd2 Qc2+ 27.Ke1 Qc1+  0-1

[Event "WYb18"]
[Site "Kemer TUR"]
[Date "2007.11.22"]
[Round "5"]
[White "Del Castilho,M"]
[Black "Gallego,A"]
[Result "0-1"]
[WhiteElo "2126"]
[BlackElo "2271"]

1.e4 c5 2.Nf3 Nc6 3.Nc3 d6 4.d4 cxd4 5.Nxd4 Nf6 6.Bc4 Qb6 7.Nb3 e6 8.O-O Be7
9.Be3 Qc7 10.f4 a6 11.Bd3 b5 12.Qf3 Bb7 13.Qh3 Nb4 14.Rac1 O-O 15.g4 d5 16.exd5 Nxd3
17.cxd3 Qd7 18.Nc5 Bxc5 19.Bxc5 Rfc8 20.b4 Nxd5 21.Ne4 Nxb4 22.Bxb4 Qd4+
23.Nf2 Qxb4 24.Qe3 Qb2 25.f5 Qxa2 26.Ne4 Bxe4 27.dxe4 exf5 28.exf5 Re8 29.Qf3 Qe2
30.f6 Qxf3 31.Rxf3 gxf6 32.Rxf6 Re6 33.Rf5 Rd8 34.Rc7 Rd2 35.Kf1 f6 36.Rh5 Ree2
37.Rhxh7 Rxh2 38.Rcg7+ Kf8 39.Rf7+ Ke8 40.Rxh2 Rxh2 41.Rxf6 b4 42.Rb6 a5
43.Ke1 a4 44.Rxb4 a3  0-1

[Event "WYg16"]
[Site "Kemer TUR"]
[Date "2007.11.22"]
[Round "5"]
[White "Girya,O"]
[Black "Ivanenko,O1"]
[Result "1-0"]
[WhiteElo "2338"]
[BlackElo "2125"]

1.e4 c5 2.Nc3 Nc6 3.Nf3 e5 4.Bc4 h6 5.d3 Nf6 6.Nd2 d6 7.Nf1 g6 8.Ne3 Bg7
9.O-O O-O 10.Ned5 Nxd5 11.Nxd5 Kh7 12.c3 f5 13.f4 a6 14.a4 Rb8 15.Bb3 Na5
16.Bc2 Be6 17.Be3 b6 18.Qe2 Nc6 19.Rf2 Qd7 20.Raf1 Qf7 21.Qd1 Bxd5 22.exd5 Ne7
23.c4 Qe8 24.Rf3 Qd7 25.Rh3 a5 26.Qd2 Ng8 27.Bd1 Rbe8 28.Kh1 e4 29.d4 Bf6
30.dxc5 dxc5 31.Rg1 Qg7 32.g4 Bd4 33.gxf5 Rxf5 34.Bg4 Bxe3 35.Qxe3 Rff8 36.Bh5 Ne7
37.Qxe4 Nf5 38.Qd3 Rf6 39.Bxg6+ Qxg6 40.Rxg6 Rxg6 41.Rf3  1-0

[Event "WYb16"]
[Site "Kemer TUR"]
[Date "2007.11.22"]
[Round "5"]
[White "Demidov,M"]
[Black "Martinovic,Sa"]
[Result "1/2-1/2"]
[WhiteElo "2199"]
[BlackElo "2362"]

1.e4 c5 2.Nf3 Nc6 3.Nc3 d6 4.d4 cxd4 5.Nxd4 Nf6 6.Bg5 e6 7.Qd2 a6 8.O-O-O Bd7
9.f4 b5 10.Nxc6 Bxc6 11.Bd3 b4 12.Bxf6 gxf6 13.Ne2 Qb6 14.Kb1 h5 15.f5 Bh6
16.Qe1 e5 17.Ng3 h4 18.Nf1 Bg5 19.Nd2 Ke7 20.Rf1 a5 21.Nc4 Qc5 22.Qf2 Bf4
23.h3 a4 24.a3 Rab8 25.axb4 Rxb4 26.Qxc5 dxc5 27.Na5 Ba8 28.c3 Rbb8 29.Nc4 Rhg8
30.Rf2 Rbd8 31.Re2 Rg3 32.Bc2 Rxd1+ 33.Bxd1 Bc6 34.Nb6 a3 35.Bb3 axb2 36.Kxb2 Rg8
37.Nd5+  1/2-1/2

[Event "WYb18"]
[Site "Kemer TUR"]
[Date "2007.11.22"]
[Round "6"]
[White "Ibarra Chami,L"]
[Black "Kuran,A"]
[Result "1/2-1/2"]
[WhiteElo "2416"]
[BlackElo "2069"]

1.e4 c5 2.Nc3 Nc6 3.Bb5 Nd4 4.Bc4 Nf6 5.Nge2 e6 6.O-O a6 7.d3 d5 8.exd5 exd5
9.Nxd5 Nf3+ 10.Kh1 Nxd5 11.Bxd5 Qxd5 12.Nf4 Qc6 13.Qxf3 Qxf3 14.gxf3 Bd6
15.Re1+ Kf8 16.Nd5 Be6 17.Bf4 Rd8 18.Bxd6+ Rxd6 19.Nf4 Bd7 20.Re5 b6 21.Rd5 Ke7
22.Re1+ Be6 23.Rxd6 Kxd6 24.Nxe6 fxe6 25.Kg2 e5 26.f4 exf4 27.Kf3 Rf8 28.h4 h6
29.Rg1 Rf7 30.Rg6+ Kc7 31.Rg4 Re7 32.Rxf4 g5 33.hxg5 hxg5 34.Re4 Rh7 35.Re1 Kd6
36.Rg1 Rf7+ 37.Ke3 Re7+ 38.Kd2 Rf7 39.Rg2 g4 40.Ke2 Rf4 41.b3 Ke5 42.Rh2 Kd4
43.Kd2 Rf3 44.c3+ Ke5 45.Ke2 Rf6 46.Rh4 Rg6 47.Rh2 Kf4 48.Rg2 Re6+ 49.Kf1 Rh6
50.Rg1 b5 51.a3 Rh3 52.Ke2 c4 53.bxc4  1/2-1/2

[Event "20th Belgrade Trophy"]
[Site "Belgrade SRB"]
[Date "2007.11.23"]
[Round "2"]
[White "Zivanovic,A"]
[Black "Markovic,Zi"]
[Result "1/2-1/2"]
[WhiteElo "1995"]
[BlackElo "1956"]

1.e4 c5 2.Nf3 Nc6 3.Nc3 e6 4.Bb5 g6 5.d3 Bg7 6.Bg5 Nge7 7.Bxe7 Nxe7 8.d4 Qa5
9.O-O a6 10.Ba4 b5 11.Bxb5 axb5 12.a4 Ba6 13.axb5 Qb6 14.Rxa6 Rxa6 15.bxa6 cxd4
16.Na4 Qxa6 17.Nc5 Qb5 18.Nb3 e5 19.Qd3 Qxd3 20.cxd3 O-O 21.Rc1 Rb8 22.Nc5 d6
23.Nd7 Rb7 24.Nfxe5 dxe5 25.Nc5 Rxb2 26.Ra1 Nc6 27.Ra8+ Bf8 28.h3 Nb8 29.Na4 Bd6
30.Nxb2 Kg7 31.Nc4 Bc7 32.Ra7 Bd8 33.Nxe5 Kf6 34.Nxf7 Be7 35.Rb7 Kxf7 36.Rxb8 h5
37.g4 hxg4 38.hxg4 Bg5 39.Rb4 Bf6 40.f4 g5 41.e5 Be7 42.Rxd4 Bc5 43.fxg5 Bxd4+
44.Kg2 Bxe5 45.Kf3 Kg6 46.Ke4 Bc7 47.d4 Kxg5 48.Kf3 Bd6 49.d5 Bf4  1/2-1/2

[Event "20th Belgrade Trophy"]
[Site "Belgrade SRB"]
[Date "2007.11.23"]
[Round "2"]
[White "Kontic,D"]
[Black "Soskic,B"]
[Result "1-0"]
[WhiteElo "2382"]
[BlackElo "2195"]

1.e4 c5 2.Ne2 Nc6 3.Nbc3 a6 4.d4 cxd4 5.Nxd4 Nxd4 6.Qxd4 e6 7.Bf4 Ne7 8.O-O-O Nc6
9.Qe3 b5 10.Qg3 h6 11.h4 g5 12.hxg5 Rg8 13.gxh6 Rxg3 14.h7 Qf6 15.fxg3 Bg7
16.e5 Nxe5 17.Ne4 Nd3+ 18.Kd2 Qxb2 19.Rb1 Qd4 20.Bxd3 Bh8 21.Rh4 d5 22.Nd6+ Ke7
23.Bg5+ Kxd6 24.Rxd4 Bxd4 25.Rf1 f5 26.g4 Bd7 27.gxf5 exf5 28.g4 fxg4 29.Bf6 Bxf6
30.Rxf6+ Be6 31.Rh6 g3 32.Bf5 Ke5 33.Bxe6 g2 34.Rg6 Rh8 35.Bg8  1-0

[Event "20th Belgrade Trophy"]
[Site "Belgrade SRB"]
[Date "2007.11.23"]
[Round "2"]
[White "Drobnjak,Z"]
[Black "Govedarica,R"]
[Result "0-1"]
[WhiteElo "2188"]
[BlackElo "2388"]

1.e4 c5 2.Nf3 Nc6 3.Nc3 g6 4.Bc4 Bg7 5.O-O d6 6.Re1 Nf6 7.h3 O-O 8.d4 cxd4
9.Nxd4 Bd7 10.Be3 Rc8 11.Nxc6 Bxc6 12.Bd3 d5 13.e5 Ne4 14.Bd4 Nxc3 15.bxc3 Qa5
16.Rb1 b6 17.Qg4 Rc7 18.e6 f5 19.Qf4 Rcc8 20.h4 Be8 21.h5 Qa3 22.h6 Bf6 23.Rb3 Qd6
24.Qxd6 exd6 25.f4 Bc6 26.Bb5 Bxd4+ 27.cxd4 Rfe8 28.Bxc6 Rxc6 29.Rb5 Kf8
30.Rxd5 Ke7 31.Rb5 a6 32.Rb4 d5 33.Re5 Rd8 34.a4 Rdd6 35.g4 fxg4 36.f5 gxf5
37.Rxf5 Rxe6 38.Rxd5 Rxc2 39.Re5 Rxe5 40.dxe5 Rc6 41.Rxg4 Rxh6 42.Rb4 Kd7
43.a5 b5 44.Rd4+ Kc6 45.Rd8 Re6 46.Rb8 Kd5 47.Rb6 Kxe5  0-1

[Event "20th Belgrade Trophy"]
[Site "Belgrade SRB"]
[Date "2007.11.24"]
[Round "3"]
[White "Bralic,D"]
[Black "Kalinic,D"]
[Result "1-0"]
[WhiteElo "2313"]
[BlackElo "1933"]

1.e4 c5 2.Nc3 Nc6 3.Bb5 e6 4.Bxc6 bxc6 5.f4 Nf6 6.Nf3 Be7 7.O-O O-O 8.d3 d6
9.b3 Qc7 10.Bb2 Nd7 11.Re1 Bf6 12.Kh1 Ba6 13.Qe2 Bd4 14.e5 d5 15.Na4 Bxb2
16.Nxb2 Rab8 17.Qd2 Rbe8 18.Re2 f6 19.Rae1 f5 20.c4 Rb8 21.Na4 d4 22.Rb1 Rfe8
23.h3 Bb7 24.Rg1 Kh8 25.g4 g6 26.Reg2 Qd8 27.Qe1 Qe7 28.gxf5 exf5 29.Ng5 Nf8
30.Re2 Bc8 31.Qa5 h6 32.Nf3 Ne6 33.Qd2 Kh7 34.h4 Rg8 35.Reg2 Rb7 36.h5 Nf8
37.Qf2 Be6 38.Qh4 Qxh4+ 39.Nxh4 Nd7 40.Rxg6 Rxg6 41.Rxg6 Nf8 42.Nxc5 Rg7
43.Nxe6 Nxe6 44.Rxe6 Rg3 45.Nxf5 Rxd3 46.Rxh6+ Kg8 47.Rd6 Rd1+ 48.Kg2 d3
49.e6 d2 50.e7 Kf7 51.Rd8  1-0

[Event "20th Belgrade Trophy"]
[Site "Belgrade SRB"]
[Date "2007.11.24"]
[Round "3"]
[White "Parligras,M"]
[Black "Maric,Dr"]
[Result "1-0"]
[WhiteElo "2553"]
[BlackElo "2310"]

1.e4 c5 2.Nc3 Nc6 3.Nge2 Nf6 4.d4 cxd4 5.Nxd4 e5 6.Ndb5 d6 7.Bg5 a6 8.Na3 b5
9.Nd5 Be7 10.Bxf6 Bxf6 11.c3 Ne7 12.Nxf6+ gxf6 13.Bd3 Rg8 14.g3 Bb7 15.Qe2 f5
16.f3 f4 17.O-O-O Qc7 18.Bc2 O-O-O 19.gxf4 exf4 20.c4 Nc6 21.Nb1 b4 22.Qd2 a5
23.Qxf4 a4 24.Qf5+ Kb8 25.Qb5 b3 26.axb3 axb3 27.Qxb3 Rc8 28.Rhg1 Rg6  1-0

[Event "WYb16"]
[Site "Kemer TUR"]
[Date "2007.11.24"]
[Round "7"]
[White "Lomsadze,D"]
[Black "Barbosa,E"]
[Result "1-0"]
[WhiteElo "2408"]
[BlackElo "2135"]

1.e4 c5 2.Nc3 Nc6 3.Bb5 Nd4 4.Bc4 g6 5.Nf3 Bg7 6.O-O d6 7.Nxd4 cxd4 8.Ne2 Nf6
9.d3 d5 10.Bb5+ Bd7 11.Nxd4 dxe4 12.dxe4 Nxe4 13.Re1 Bxb5 14.Nxb5 Qxd1 15.Rxd1 O-O
16.f3 Nf6 17.Be3 a6 18.Na3 Rac8 19.c4 Rfd8 20.Rxd8+ Rxd8 21.Nc2 Ne8 22.Rb1 Nd6
23.Bb6 Rc8 24.b3 Rc6 25.Bf2 e6 26.Rd1 Bf8 27.g4 Be7 28.a4 Rc8 29.Bb6 Rc6
30.Be3 Rc8 31.c5 Ne8 32.b4 Nf6 33.a5 Nd5 34.Kf1 Kg7 35.Rd3 g5 36.Bd2 Rc7
37.Na3 Bf6 38.Nc4 Rd7 39.Ke2 Bd8 40.Rb3 Bc7 41.h3 f6 42.b5 axb5 43.Rxb5 Bf4
44.Be1 Bg3 45.Kf1 Bxe1 46.Kxe1 Nf4 47.a6 bxa6 48.c6 Rd4 49.Rb7+ Kg6 50.Nb6 Nd5
51.Nd7 f5 52.Nf8+ Kf6 53.c7 Rc4 54.Nd7+ Ke7 55.Nb6  1-0

[Event "WYb18"]
[Site "Kemer TUR"]
[Date "2007.11.24"]
[Round "7"]
[White "Leon Hoyos,M"]
[Black "Saric,Iv"]
[Result "1/2-1/2"]
[WhiteElo "2495"]
[BlackElo "2466"]

1.Nc3 c5 2.e4 Nc6 3.Nf3 Nf6 4.d4 cxd4 5.Nxd4 e5 6.Ndb5 d6 7.Bg5 a6 8.Na3 b5
9.Nd5 Be7 10.Bxf6 Bxf6 11.c4 b4 12.Nc2 Rb8 13.b3 Bg5 14.g3 O-O 15.h4 Bh6
16.Bh3 Be6 17.Kf1 a5 18.Kg2 Rb7 19.Qf3 Bxd5 20.cxd5 Ne7 21.a3 Qc7 22.Ra2 bxa3
23.Nxa3 Rfb8 24.Rc2 Qd8 25.Rb1 a4 26.Rcb2 Rb4 27.Nc2 Rxb3 28.Rxb3 axb3 29.Rxb3 Bd2
30.Rxb8 Qxb8 31.Na3 Qb4 32.Be6 fxe6 33.dxe6 Qb7 34.Nc4 Bb4 35.Ne3 Nc6 36.Nd5 Ba5
37.Qa3 h6 38.Qxd6 Bb4 39.Nxb4 Nxb4 40.Qd8+ Kh7 41.e7 Qxe4+ 42.Kh2 Nc6 43.Qa8 Qc2
44.e8=R Qxf2+ 45.Kh3 Qf1+ 46.Kh2 Qf2+  1/2-1/2

[Event "20th Belgrade Trophy"]
[Site "Belgrade SRB"]
[Date "2007.11.25"]
[Round "4"]
[White "Drobnjak,Z"]
[Black "Chelushkina,I"]
[Result "0-1"]
[WhiteElo "2188"]
[BlackElo "2351"]

1.e4 c5 2.Nf3 Nc6 3.Nc3 d6 4.d4 cxd4 5.Nxd4 e5 6.Nb3 Nf6 7.Bg5 Be7 8.Bxf6 Bxf6
9.Nd5 O-O 10.Bd3 Be6 11.Qf3 Bxd5 12.exd5 e4 13.Bxe4 Ne5 14.Qh3 Ng6 15.O-O Bxb2
16.Rab1 Bf6 17.Nd2 b6 18.Rb3 Re8 19.f4 Qc8 20.Bf5 Qa6 21.Bd3 Qa4 22.Nc4 Rad8
23.Ra3 Qb4 24.Kh1 Re1 25.Qf3 Rde8 26.Rb3 Qc5 27.Rb1 Rxf1+ 28.Rxf1 Nh4 29.Qf2 Qxd5
30.Nd2 Ng6 31.Re1 Rxe1+ 32.Qxe1 Qe6 33.Qxe6 fxe6 34.g3 Nf8 35.Nb3 Kf7 36.Kg2 Bc3
37.h4 h6 38.Nc1 Nd7 39.Nb3 a5 40.a4 Nf6 41.Kf3 h5 42.Bc4 d5 43.Bd3 Ne8 44.Nc1 Nd6
45.Ne2 Bb2 46.c3 Kf6 47.Ke3 Ba3 48.Kf3 Bc5 49.Nc1 Nf7 50.Bc2 e5 51.fxe5+ Nxe5+
52.Kf4 Nc4 53.g4 Be3+  0-1

[Event "WYb14"]
[Site "Kemer TUR"]
[Date "2007.11.25"]
[Round "8"]
[White "Iljiushenok,I"]
[Black "Perez Ponsa,F"]
[Result "0-1"]
[WhiteElo "2157"]
[BlackElo "2232"]

1.e4 c5 2.Nc3 Nc6 3.Bb5 Nd4 4.Bc4 g6 5.Nf3 Bg7 6.Nxd4 cxd4 7.Qf3 e6 8.Nb5 d6
9.Qa3 Ke7 10.Qd3 Qb6 11.c3 d5 12.exd5 exd5 13.Bxd5 Nf6 14.Bc4 Rd8 15.O-O dxc3
16.Qe2+ Kf8 17.dxc3 Bg4 18.Qc2 a6 19.Na3 Qc7 20.Be3 Bf5 21.Qc1 Ng4 22.Bf4 Be5
23.g3 Bxf4 24.Qxf4 Qxf4 25.gxf4 Rd2 26.f3 Ne3 27.Rf2 Rad8 28.Re1 Rxf2 29.Kxf2 Nd1+
30.Kg3 Nxb2 31.Bb3 Rd2 32.Re5 h5 33.Rc5 Nd3 34.Rd5 h4+ 35.Kxh4 Rxh2+ 36.Kg3 Rh3+  0-1

[Event "WYb14"]
[Site "Kemer TUR"]
[Date "2007.11.25"]
[Round "8"]
[White "Van Kampen,R"]
[Black "Firat,B"]
[Result "0-1"]
[WhiteElo "2033"]
[BlackElo "2147"]

1.e4 c5 2.Nf3 Nc6 3.Nc3 Nf6 4.Bb5 g6 5.e5 Ng4 6.Bxc6 dxc6 7.Qe2 Bg7 8.h3 Nh6
9.g4 O-O 10.d3 f6 11.Bf4 Nf7 12.O-O-O Re8 13.e6 Nd6 14.d4 Qa5 15.Kb1 b6 16.Bxd6 exd6
17.e7 d5 18.Rhe1 Bd7 19.Qe3 cxd4 20.Nxd4 Qc5 21.f4 Kf7 22.Qd2 Rxe7 23.Rxe7+ Qxe7
24.f5 Re8 25.fxg6+ hxg6 26.Qg2 Qe5 27.Nf3 Qf4 28.Rf1 Kg8 29.a3 Kh7 30.Ne2 Qc4
31.Nc1 Be6 32.Qf2 c5 33.Nd2 Qb5 34.Re1 Bf7 35.Rxe8 Qxe8 36.Nd3 d4 37.b3 Qc6
38.Qg3 b5 39.Qf3 Bd5 40.Qf2 a5 41.Nf4 Bf7 42.Qf3 Qb6 43.Qe4 Qd6 44.Nf3 Bh6
45.Nh5 Kh8 46.g5 Bxg5 47.Nxg5 fxg5 48.Qf3 Bd5 49.Qe2 gxh5 50.Qxh5+ Kg7 51.Qxg5+ Kf7
52.h4 Be4 53.Qg4 Bxc2+ 54.Kxc2 Qg6+ 55.Qxg6+ Kxg6 56.Kd3 b4 57.a4 Kh5 58.Kc4 Kxh4
59.Kxc5 d3 60.Kb5 d2 61.Kxa5 d1=Q 62.Kxb4 Kg5 63.a5 Kf5 64.a6 Ke5 65.Kc5 Qxb3
66.Kc6 Qb8  0-1

[Event "WYb16"]
[Site "Kemer TUR"]
[Date "2007.11.25"]
[Round "8"]
[White "Mustafaev,K"]
[Black "Recuero Guerra,D"]
[Result "0-1"]
[WhiteElo "2293"]
[BlackElo "2407"]

1.e4 c5 2.Nc3 Nc6 3.Nf3 d6 4.d4 cxd4 5.Nxd4 Nf6 6.Bg5 e6 7.Qd2 Be7 8.O-O-O O-O
9.f4 h6 10.Bh4 Bd7 11.Be2 Rc8 12.Nb3 Qb6 13.Bg3 Nb4 14.Kb1 a5 15.Qd4 Qc7
16.a3 Nc6 17.Qd3 a4 18.Nd4 Nxd4 19.Qxd4 Bc6 20.Rd2 Qa5 21.Bf3 d5 22.exd5 Bc5
23.Qd3 exd5 24.Rdd1 d4 25.Ne2 Bxf3 26.gxf3 Qb6 27.Bf2 Qc7 28.Rhg1 Rfd8 29.Bh4 Rd6
30.Ng3 Ne8 31.Ne4 Rb6 32.Bf2 Rc6 33.f5 Qe5 34.Nxc5 Qxc5 35.c3 Qe5 36.Bxd4 Qxh2
37.Rd2 Qd6 38.Rdg2 f6 39.Qe4 R6c7 40.Rg6 Kf8 41.Be3 Re7 42.Bf4 Qd7 43.Qc2 Rc5
44.Ka1 Rxf5 45.Qh2 Qd5 46.Qg3 Rg5 47.Bxg5 hxg5 48.Qh3 Qd3 49.Qh5 Qc2 50.f4 Re2
51.Qxe2 Qxe2 52.fxg5 f5 53.Rb1 Qe3  0-1

[Event "20th Belgrade Trophy"]
[Site "Belgrade SRB"]
[Date "2007.11.26"]
[Round "5"]
[White "Jovanovic,Neb"]
[Black "Zivanovic,A"]
[Result "1-0"]
[WhiteElo "1874"]
[BlackElo "1995"]

1.e4 c5 2.Nf3 Nc6 3.Nc3 e5 4.d3 Nf6 5.Bd2 d6 6.g3 Bg4 7.h3 Bxf3 8.Qxf3 Nd4
9.Qd1 Be7 10.Bg2 O-O 11.f4 Re8 12.Ne2 Rc8 13.c3 Nxe2 14.Qxe2 exf4 15.Bxf4 d5
16.O-O Bd6 17.e5 g5 18.Bxg5 Bxe5 19.Qf3 Rc6 20.Rae1 Rce6 21.Rxe5 d4 22.Rxe6 Rxe6
23.Bxf6 Qd7 24.Qg4+ Kf8 25.Qg7+ Ke8 26.Qg8+  1-0